Animal manure on grassland and fodder crops, fertilizer or waste? : proceedings of an international symposium of the European Grassland Federation, Wageningen, The Netherlands, 31 August-3 September 1987 /

Bibliographic Details
Corporate Authors: European Grassland Federation, International Symposium of the European Grassland Federation
Other Authors: Meer, H. G. van der
Format: Conference Proceeding Book
Language:English
Published: Dordrecht ; Boston : M. Nijhoff, 1987.
Series:Developments in plant and soil sciences ; 30.
Subjects:

MARC

Tag First Indicator Second Indicator Subfields
LEADER 00000cam a2200000 a 4500
001 in00000013400
005 20151007052448.0
008 880105s1987 maua b 10000 eng d
020 |a 9024735688 
020 |a 9024724058 (series) 
035 |a (OCoLC)17306984 
035 |9 AAA7887AM 
040 |a GZM  |c GZM  |d UIU  |d AGX  |d TXA  |d UtOrBLW 
049 |a TXAM  |c [A11042622] 
050 4 |a S655  |b .A54 1987 
072 0 |a J500 
245 0 0 |a Animal manure on grassland and fodder crops, fertilizer or waste? :  |b proceedings of an international symposium of the European Grassland Federation, Wageningen, The Netherlands, 31 August-3 September 1987 /  |c edited by H.G. van der Meer [and others]. 
264 1 |a Dordrecht ;  |a Boston :  |b M. Nijhoff,  |c 1987. 
300 |a xiii, 388 pages :  |b illustrations ;  |c 25 cm. 
336 |a text  |b txt  |2 rdacontent 
337 |a unmediated  |b n  |2 rdamedia 
338 |a volume  |b nc  |2 rdacarrier 
490 1 |a Developments in plant and soil sciences ;  |v 30 
504 |a Includes bibliographies. 
650 0 |a Manures. 
650 0 |a Agricultural wastes. 
650 0 |a Animal waste  |x Environmental aspects. 
700 1 |a Meer, H. G. van der. 
710 2 |a European Grassland Federation. 
711 2 |a International Symposium of the European Grassland Federation  |d (1987 :  |c Wageningen, The Netherlands) 
830 0 |a Developments in plant and soil sciences ;  |v 30. 
999 |a MARS 
999 f f |s 1a59b038-9cab-35ec-94eb-6882b124cc4f  |i b90e104d-f0ec-32f2-815a-34d927ffbf2b  |t 0 
952 f f |p ric  |a Texas A&M University  |b Rellis Campus  |c Joint Library Facility  |d Remote Storage  |t 0  |e S655 .A54 1987  |h Library of Congress classification  |i unmediated -- volume  |m A14811042622 
998 f f |a S655 .A54 1987  |t 0  |l Remote Storage